| 000 | 01411cam a2200193 4500500 | ||
|---|---|---|---|
| 005 | 20260322010950.0 | ||
| 041 | _afre | ||
| 042 | _adc | ||
| 100 | 1 | 0 |
_aAventur, François _eauthor |
| 700 | 1 | 0 |
_aBerhili, Saad-Ellah _eauthor |
| 700 | 1 | 0 |
_aChamkhi, Amine _eauthor |
| 700 | 1 | 0 |
_aVerdier, Éric _eauthor |
| 245 | 0 | 0 | _aContinuing vocational training in Moroccan formal sector companies: Often limited practices and ambitious but constrained public policies |
| 260 | _c2026. | ||
| 500 | _a4 | ||
| 520 | _aAnalysis of a survey conducted among a representative sample of companies in Morocco’s formal sector shows that the provision of continuing vocational training for employees is, on average, very limited and supported by only modest resources. Marked inequalities are evident, to the benefit of large companies and the most highly qualified employees. Companies that operate according to an internal labor-market logic and pursue a dynamic economic strategy are also those that invest the most in continuing vocational training. These results point to the structural weaknesses of an institutional system intended to foster more intensive, more skills-enhancing, and more egalitarian vocational training. | ||
| 786 | 0 | _nFormation emploi | - | 1 | 2026-02-04 | p. 110-134 | 0759-6340 | |
| 856 | 4 | 1 | _uhttps://shs.cairn.info/journal-formation-emploi-2026-1-page-110?lang=en&redirect-ssocas=7080 |
| 999 |
_c1760972 _d1760972 |
||